| 000 | 00916nam a2200217Ii 4500 | ||
|---|---|---|---|
| 003 | JO-AjNU | ||
| 008 | 230605s9999||||xx |||||||||||||| ||und|| | ||
| 017 | _a2018/8/4102 | ||
| 040 |
_aJO-AjNU _bara _erda _cJO-AjNU |
||
| 041 | _aara | ||
| 050 | 1 | 4 | _aDS109.9.M86 2018 |
| 100 | 3 |
_aتاليف المومني، محمد علي العكاشة؛ تقديم عبد الرحيم مراشدة؛ تحرير علي احمد العبدي, _eauthor _958521 |
|
| 245 | 0 | 0 | _aالوجيز في تاريخ القدس |
| 250 | _aط1 | ||
| 264 | 3 | 1 | _aعمان: المؤلف، 2018 |
| 300 |
_a336ص _bيحتوي على قائمة مراجع ومصادر من ص 323 - ص 336 |
||
| 336 |
_atext _btxt _2rdacontent |
||
| 337 |
_aunmediated _bn _2rdamedia |
||
| 338 |
_avolume _bnc _2rdacarrier |
||
| 650 | 4 |
_aالنزاع العربي الاسرائيلي - القدس - الاماكن المقدسة - تاريخ فلسطين _958522 |
|
| 999 |
_aA26284 _c29852 _d29852 |
||